000
00268nam a2200109Ia 4500
008
190216s9999||||xx |||||||||||||| ||und||
100
_a
Mejor M A Padiyath
245
0
_a
Doctorum Bharyayum
260
_b
Nbs Kottayam
650
_a
Malayalam Novel-Malayalam
942
_c
BK
999
_c
24841
_d
24841